Lanean...
Coriolanus /
| Beste egile batzuk: | |
|---|---|
| Formatua: | Printed Book |
| Hizkuntza: | English |
| Argitaratua: |
London:
Methuen,
1976.
|
| Gaiak: |
| LEADER | 00585cam a2200205ua 4500 | ||
|---|---|---|---|
| 008 | 060815t1976||||||||||| 00 ||eng c | ||
| 020 | |a 0-416-17880-4 | ||
| 041 | 0 | |a eng | |
| 082 | |a 822.33 S3 |b SHA | ||
| 245 | 1 | 0 | |a Coriolanus / |
| 260 | |a London: |b Methuen, |c 1976. | ||
| 300 | |a 370p.. | ||
| 362 | 1 | |a 1976. | |
| 365 | |a 2.50 Pd. |e pb. | ||
| 650 | |a English Drama | ||
| 650 | 0 | |a English Literature | |
| 700 | 0 | 2 | |a Shakespeare,, William |
| 942 | |c BK | ||
| 999 | |c 7104 |d 7104 | ||
| 952 | |0 0 |1 0 |4 0 |6 822_330000000000000_S3_SHAC |7 0 |9 7448 |a KUCL |b KUCL |d 2014-05-23 |l 0 |o 822.33 S3 SHA/C |p 00353 |r 2014-05-23 |y BK | ||